00412nam a2200145Ia 450000500170000000800410001702000150005808200130007310000130008624500770009926000450017630000200022165000140024165000110025520250130000518.0240331s9999 xx 000 0 und d a019563988x bSINa954 aSinger,W 0aCreating histories :boral narratives and the politics of history making aNew DelhibOxford University Pressc1997 axviii, 339 p ., aPolitical aSocial